LEADER 01150nam 2200385Ia 450 001 996396648303316 005 20200824124930.0 035 $a(CKB)4330000000330567 035 $a(EEBO)2240914842 035 $a(OCoLC)ocm23714507e 035 $a(OCoLC)23714507 035 $a(EXLCZ)994330000000330567 100 $a19910508d1575 uy | 101 0 $agre 135 $aurbn||||a|bb| 200 10$aE?uripido?u tr?oades$b[electronic resource]$e= Euripidis troades 210 $aLondini $cApud Ioannem Dayum$d1575 215 $a[46] p 300 $aText and first two words of title in Greek. 300 $a"Cum gratia & priuilegio." 300 $aSignatures: A-F? (last leaf blank). 300 $aTitle within ornamental border. 300 $aReproduction of original in the British Library. 330 $aeebo-0018 606 $aTrojan War$vDrama 607 $aTroy (Extinct city)$vDrama 615 0$aTrojan War 700 $aEuripides$0229973 801 0$bEBK 801 1$bEBK 801 2$bWaOLN 906 $aBOOK 912 $a996396648303316 996 $aE?uripido?u tr?oades$92339001 997 $aUNISA LEADER 04044nam 22008295 450 001 9910624309003321 005 20251219124743.0 010 $a3-031-08506-X 024 7 $a10.1007/978-3-031-08506-2 035 $a(MiAaPQ)EBC7134119 035 $a(Au-PeEL)EBL7134119 035 $a(CKB)25299476500041 035 $a(OCoLC)1350687369 035 $a(PPN)266354475 035 $a(DE-He213)978-3-031-08506-2 035 $a(EXLCZ)9925299476500041 100 $a20221109d2022 u| 0 101 0 $aeng 135 $aurcnu|||||||| 181 $ctxt$2rdacontent 182 $cc$2rdamedia 183 $acr$2rdacarrier 200 10$aArtificial Intelligence in Covid-19 /$fedited by Niklas Lidströmer, Yonina C. Eldar 205 $a1st ed. 2022. 210 1$aCham :$cSpringer International Publishing :$cImprint: Springer,$d2022. 215 $a1 online resource (346 pages) 225 1 $aMedicine Series 311 08$aPrint version: Lidströmer, Niklas Artificial Intelligence in Covid-19 Cham : Springer International Publishing AG,c2022 9783031085055 320 $aIncludes bibliographical references and index. 327 $a1 AI and Pooling Tests for COVID-19 -- 2 AI for Drug Repurposing in the Pandemic Response -- 3 AI and Point Of Care Image Analysis For COVID-19 -- 4 Machine Learning and Laboratory Values in the Diagnosis, Prognosis and Vaccination Strategy of COVID-19 -- 5 AI and the Infectious Medicine of COVID-19 -- 6 AI and ICU Monitoring in COVID-19 -- 7 Symptom Based Detection Models of COVID-19 Infection Using AI -- 8 AI Techniques for Forecasting Epidemic Dynamics: Theory and Practice -- 9 Regulatory Aspects on AI and Pharmacovigilance for COVID-19 -- 10 AI and the Clinical Immunology / Immunoinformatics for COVID-19 -- 11 AI, Epidemiology and Public Health in the Covid Pandemic -- 12 AI and Dynamic Sepsis Prediction in Covid-19. 330 $aThis book deals with the advantages of using artificial intelligence (AI) in the fight against the COVID-19 and against future pandemics that could threat humanity and our environment. This book is a practical, scientific and clinically relevant example of how medicine and mathematics will fuse in the 2020s, out of external pandemic pressure and out of scientific evolutionary necessity. This book contains a unique blend of the world's leading researchers, both in medicine, mathematics, computer science, clinical and preclinical medicine, and presents the research front of the usage of AI against pandemics. Equipped with this book the reader will learn about the latest AI advances against COVID-19, and how mathematics and algorithms can aid in preventing its spreading course, treatments, diagnostics, vaccines, clinical management and future evolution. 410 0$aMedicine Series 606 $aMedicine 606 $aArtificial intelligence 606 $aVirology 606 $aImmunology 606 $aEpidemiology 606 $aClinical Medicine 606 $aArtificial Intelligence 606 $aVirology 606 $aImmunology 606 $aEpidemiology 606 $aCOVID-19$2thub 606 $aEpidèmies$2thub 606 $aProcessament de dades$2thub 606 $aInformàtica mèdica$2thub 608 $aLlibres electrònics$2thub 615 0$aMedicine. 615 0$aArtificial intelligence. 615 0$aVirology. 615 0$aImmunology. 615 0$aEpidemiology. 615 14$aClinical Medicine. 615 24$aArtificial Intelligence. 615 24$aVirology. 615 24$aImmunology. 615 24$aEpidemiology. 615 7$aCOVID-19 615 7$aEpidèmies 615 7$aProcessament de dades 615 7$aInformàtica mèdica 676 $a362.1962414 676 $a362.19624140028563 702 $aLidstro?mer$b Niklas 702 $aEldar$b Yonina C. 801 0$bMiAaPQ 801 1$bMiAaPQ 801 2$bMiAaPQ 906 $aBOOK 912 $a9910624309003321 996 $aArtificial Intelligence in Covid-19$92967940 997 $aUNINA